<?xml version="1.0" encoding="UTF-8"?>
<record
    xmlns:xsi="http://www.w3.org/2001/XMLSchema-instance"
    xsi:schemaLocation="http://www.loc.gov/MARC21/slim http://www.loc.gov/standards/marcxml/schema/MARC21slim.xsd"
    xmlns="http://www.loc.gov/MARC21/slim">

  <leader>00609nam a22002177a 4500</leader>
  <controlfield tag="003">RIC</controlfield>
  <controlfield tag="005">20140408044516.0</controlfield>
  <controlfield tag="008">140408b        xxu||||| |||| 00| 0 eng d</controlfield>
  <datafield tag="020" ind1=" " ind2=" ">
    <subfield code="a">9789834606121</subfield>
  </datafield>
  <datafield tag="040" ind1=" " ind2=" ">
    <subfield code="c">JKKN</subfield>
  </datafield>
  <datafield tag="082" ind1=" " ind2=" ">
    <subfield code="a">959.5</subfield>
  </datafield>
  <datafield tag="100" ind1=" " ind2=" ">
    <subfield code="a">A. Aziz Deraman</subfield>
    <subfield code="9">815</subfield>
  </datafield>
  <datafield tag="245" ind1="1" ind2=" ">
    <subfield code="a">Wacana peradaban Malaysia/</subfield>
    <subfield code="c">A.Aziz Deraman</subfield>
  </datafield>
  <datafield tag="260" ind1=" " ind2=" ">
    <subfield code="a">Kuala Lumpur:</subfield>
    <subfield code="b">Dewan Bahasa dan Pustaka,</subfield>
    <subfield code="c">2010.</subfield>
  </datafield>
  <datafield tag="300" ind1=" " ind2=" ">
    <subfield code="a">xvii, 510p.;</subfield>
    <subfield code="c">21cm.</subfield>
  </datafield>
  <datafield tag="650" ind1=" " ind2=" ">
    <subfield code="a">Civilization</subfield>
    <subfield code="x">History </subfield>
  </datafield>
  <datafield tag="650" ind1=" " ind2=" ">
    <subfield code="a">Islamic civilization </subfield>
    <subfield code="z">Malaysia </subfield>
  </datafield>
  <datafield tag="650" ind1=" " ind2=" ">
    <subfield code="a">Culture </subfield>
    <subfield code="z">Malaysia </subfield>
  </datafield>
  <datafield tag="651" ind1=" " ind2=" ">
    <subfield code="a">Malaysia </subfield>
    <subfield code="x">Civilization </subfield>
  </datafield>
  <datafield tag="942" ind1=" " ind2=" ">
    <subfield code="2">ddc</subfield>
    <subfield code="c">BK</subfield>
  </datafield>
  <datafield tag="952" ind1=" " ind2=" ">
    <subfield code="0">0</subfield>
    <subfield code="1">0</subfield>
    <subfield code="2">ddc</subfield>
    <subfield code="4">0</subfield>
    <subfield code="7">0</subfield>
    <subfield code="a">Main</subfield>
    <subfield code="b">Main</subfield>
    <subfield code="c">DISPLAY</subfield>
    <subfield code="d">2014-04-08</subfield>
    <subfield code="l">0</subfield>
    <subfield code="o">959.5 AAD</subfield>
    <subfield code="p">HQ004173</subfield>
    <subfield code="r">2014-04-08 00:00:00</subfield>
    <subfield code="w">2014-04-08</subfield>
    <subfield code="y">BK</subfield>
  </datafield>
  <datafield tag="952" ind1=" " ind2=" ">
    <subfield code="0">0</subfield>
    <subfield code="1">0</subfield>
    <subfield code="2">lcc</subfield>
    <subfield code="4">0</subfield>
    <subfield code="7">0</subfield>
    <subfield code="a">Main</subfield>
    <subfield code="b">Main</subfield>
    <subfield code="d">2016-08-11</subfield>
    <subfield code="l">0</subfield>
    <subfield code="o">959.5 AAD</subfield>
    <subfield code="p">HQ004773</subfield>
    <subfield code="r">2016-08-11 00:00:00</subfield>
    <subfield code="w">2016-08-11</subfield>
    <subfield code="y">BK</subfield>
  </datafield>
  <datafield tag="952" ind1=" " ind2=" ">
    <subfield code="0">0</subfield>
    <subfield code="1">0</subfield>
    <subfield code="2">lcc</subfield>
    <subfield code="4">0</subfield>
    <subfield code="7">0</subfield>
    <subfield code="a">Main</subfield>
    <subfield code="b">Main</subfield>
    <subfield code="d">2016-08-11</subfield>
    <subfield code="l">2</subfield>
    <subfield code="o">959.5 AAD</subfield>
    <subfield code="p">HQ004774</subfield>
    <subfield code="r">2018-11-27 00:00:00</subfield>
    <subfield code="s">2018-10-15</subfield>
    <subfield code="w">2016-08-11</subfield>
    <subfield code="y">BK</subfield>
  </datafield>
  <datafield tag="952" ind1=" " ind2=" ">
    <subfield code="0">0</subfield>
    <subfield code="1">0</subfield>
    <subfield code="2">lcc</subfield>
    <subfield code="4">0</subfield>
    <subfield code="7">0</subfield>
    <subfield code="a">Main</subfield>
    <subfield code="b">Main</subfield>
    <subfield code="d">2016-08-11</subfield>
    <subfield code="l">0</subfield>
    <subfield code="o">959.5 AAD</subfield>
    <subfield code="p">HQ004775</subfield>
    <subfield code="r">2016-08-11 00:00:00</subfield>
    <subfield code="w">2016-08-11</subfield>
    <subfield code="y">BK</subfield>
  </datafield>
  <datafield tag="952" ind1=" " ind2=" ">
    <subfield code="0">0</subfield>
    <subfield code="1">0</subfield>
    <subfield code="2">lcc</subfield>
    <subfield code="4">0</subfield>
    <subfield code="7">0</subfield>
    <subfield code="a">Main</subfield>
    <subfield code="b">Main</subfield>
    <subfield code="d">2016-08-11</subfield>
    <subfield code="l">0</subfield>
    <subfield code="o">959.5 AAD</subfield>
    <subfield code="p">HQ004776</subfield>
    <subfield code="r">2016-08-11 00:00:00</subfield>
    <subfield code="w">2016-08-11</subfield>
    <subfield code="y">BK</subfield>
  </datafield>
  <datafield tag="952" ind1=" " ind2=" ">
    <subfield code="0">0</subfield>
    <subfield code="1">0</subfield>
    <subfield code="2">lcc</subfield>
    <subfield code="4">0</subfield>
    <subfield code="7">0</subfield>
    <subfield code="a">Main</subfield>
    <subfield code="b">Main</subfield>
    <subfield code="d">2016-08-11</subfield>
    <subfield code="l">0</subfield>
    <subfield code="o">959.5 AAD</subfield>
    <subfield code="p">HQ004777</subfield>
    <subfield code="r">2016-08-11 00:00:00</subfield>
    <subfield code="w">2016-08-11</subfield>
    <subfield code="y">BK</subfield>
  </datafield>
  <datafield tag="999" ind1=" " ind2=" ">
    <subfield code="c">1764</subfield>
    <subfield code="d">1760</subfield>
  </datafield>
</record>
